Glee Characters Quiz Stats

Quiz not verified by Sporcle

Also try: Musical By Haiku
Challenge
Share
Tweet
Embed
Score 0/49 Timer 05:00
0 Plays Today
Hint Answer % Correct
HummelKurt
99.2%
FabrayQuinn
98.9%
HudsonFinn
98.6%
BerryRachel
98.3%
Cohen-ChangTina
98.1%
AbramsArtie
97.5%
ChangMike
97.5%
Sylvester Sue
97.2%
PillsburyEmma
96.1%
LopezSantana
96.1%
PuckermanNoah
95.6%
SchuesterWill
95.6%
PierceBrittany
95.6%
PuckermanJake
94.2%
EvansSam
94.2%
AndersonBlaine
93.4%
JonesMercedes
90.9%
HolidayHolly
90.1%
RoseMarley
86.5%
KarofskyDavid
86.2%
ZizesLauren
86%
RutherfordMatt
86%
WildeKitty
85.1%
HummelBurt
85.1%
RhodesApril
84.3%
Hint Answer % Correct
BeisteShannon
84%
JacksonBecky
83.2%
LynnRyder
80.7%
MottaSugar
79.1%
FlanaganRory
74.9%
TanakaKen
74.1%
CorcoranShelby
73.8%
AdamsUnique
68.3%
IsraelJacob
68.3%
Hudson Carole
67.8%
SylvesterJean
66.1%
HartJoe
63.1%
SmytheSebastian
62.5%
FigginsPrincipal
59%
McCarthyMason
57.9%
TibideauxCarmen
57%
McCarthyMadison
56.7%
JamesJesse
55.1%
HaywardJane
53.2%
WashingtonRoz
52.3%
Del MonicoTerri
46.3%
MeeksRoderick
44.9%
MuskovitzMyron
40.5%
OwenPenny
19%

You're not logged in!

Compare scores with friends on all Sporcle quizzes.
Join for Free
OR
Log In

You Might Also Like...

Show Comments

Extras

Created Dec 23, 2016ReportNominate
Tags:TV Show Quiz, glee

Top Quizzes Today


Score Distribution

Your Account Isn't Verified!

In order to create a playlist on Sporcle, you need to verify the email address you used during registration. Go to your Sporcle Settings to finish the process.

Report this User

Report this user for behavior that violates our Community Guidelines.

Details: